Chlieb a hry

Bibliographic Details
Main Author: Šikula, Bystrík, 1956- (Author)
Format: Article
Language:Slovak
ISSN:1335-7786
Subjects:

MARC

LEADER 00000nab a2200000 a 4500
001 vtls000810352
003 SK-MaSNL
005 20260304103814.0
008 250429c2002 xo 0 slo
015 |a SNBRB2002/10-32530 
035 |a CLN000162007 
035 |a urn:nbn:sk:snk-aberd9 
035 |a (urnnbn)urn:nbn:sk:snk:ar-000g2d 
035 |a (uuid)e7d24390-15a0-4580-bfaa-a6581da07aa7 
040 |a SNKBUCL  |b slo  |c SNKBUCL  |e AACR2 
041 0 |a slo 
044 |a xo  |c SK 
080 |a 885.4-3  |2 1997 
100 1 |a Šikula, Bystrík,  |d 1956-  |4 aut  |9 13321 
245 1 0 |a Chlieb a hry  |c Bystrík Šikula 
650 0 7 |a novely spoločenské slovenské  |x úryvky  |2 snkbucl  |9 913414 
655 7 |a články z novín a časopisov  |2 snkbucl  |9 267496 
655 7 |a články z odboru literárna veda a krásna literatúra  |2 snkbucl  |9 770045 
773 0 |t Slovenské pohľady  |g Roč. 4+118, č. 10 (2002), s. 19-37  |x 1335-7786 
850 |a Slovenská národná knižnica 
852 |a Slovenská národná knižnica 
958 |a article27 
958 |a LX 
958 |a SK 
958 |a OND 
958 |a EUIPO 
992 |a RBX 
999 |c 2849840  |d 2851770